Revista de derecho público 2015 - 1 : el derecho público y el nuevo Código Civil y Comercial de la Nación I.

Guardado en:
Formato: Libro
Idioma:Spanish
Publicado: Santa Fe : Rubinzal - Culzoni, 2015.
Edición:1a. ed.
Materias:
Etiquetas: Agregar Etiqueta
Sin Etiquetas, Sea el primero en etiquetar este registro!
LEADER 00655nam a22001815a 4500
001 DER.der013973
008 190904s2015####ag#||||||||||||||#||spa||
005 20230612141825.0
245 1 0 |a Revista de derecho público 2015 - 1 :  |b el derecho público y el nuevo Código Civil y Comercial de la Nación I. 
250 |a 1a. ed. 
260 |a Santa Fe :  |b Rubinzal - Culzoni,  |c 2015. 
300 |a 596 p. 
700 1 |a Hutchinson, Tomás,  |e dir. 
700 1 |a Rosatti, Horacio,  |e dir. 
650 7 |a RESPONSABILIDAD CIVIL DEL FUNCIONARIO PUBLICO 
650 7 |a REPARACION LICITA 
650 7 |a ASPECTOS CONSTITUCIONALES DEL AMBIENTE 
859 |a DERECHO  |b BIB. DERECHO  |h 341  |i REV  |p 009184